Macroeconomics (Record no. 233799)
[ view plain ]
| 000 -LEADER | |
|---|---|
| fixed length control field | 01462nam a22002057a 4500 |
| 005 - DATE AND TIME OF LATEST TRANSACTION | |
| control field | 20250215112416.0 |
| 008 - FIXED-LENGTH DATA ELEMENTS--GENERAL INFORMATION | |
| fixed length control field | 250215b ||||| |||| 00| 0 eng d |
| 020 ## - INTERNATIONAL STANDARD BOOK NUMBER | |
| International Standard Book Number | 9789356403383 |
| 040 ## - CATALOGING SOURCE | |
| Transcribing agency | AL |
| 041 ## - LANGUAGE CODE | |
| Language code of text/sound track or separate title | eng |
| 082 ## - DEWEY DECIMAL CLASSIFICATION NUMBER | |
| Edition number | 23 |
| Classification number | 339 |
| Item number | GOTM |
| 100 ## - MAIN ENTRY--PERSONAL NAME | |
| Personal name | Nils Gottfries |
| 9 (RLIN) | 199968 |
| 245 ## - TITLE STATEMENT | |
| Title | Macroeconomics |
| 260 ## - PUBLICATION, DISTRIBUTION, ETC. | |
| Place of publication, distribution, etc. | New Delhi |
| Name of publisher, distributor, etc. | Bloomsbury |
| Date of publication, distribution, etc. | 2023 |
| 300 ## - PHYSICAL DESCRIPTION | |
| Extent | xxxvi,539p |
| Other physical details | PB |
| Dimensions | 24x18cm. |
| 365 ## - TRADE PRICE | |
| Source of price type code | General |
| Price type code | 6383 |
| Price amount | ₹639.20 |
| Currency code | ₹ |
| Unit of pricing | ₹799.00 |
| Price note | 20% |
| Price effective from | 6/02/2025 |
| 520 ## - SUMMARY, ETC. | |
| Summary, etc. | Macroeconomics' presents a new approach to macroeconomics, based on microeconomic foundations combined with Keynesian-style short-run policy analysis. The book features: a pronounced international stance, systematically presenting data from several countries; consistent treatment of the long and short run and the closed and open economy; a highly relevant approach that takes account of market imperfections and rigidities, which characterize real economies; up-to-date chapters on EMU, business cycles, institutions and policy, and financial markets and crises; end of chapter summaries, exercises with varying levels of difficulty, plus appendices providing extension material Written in a clear and direct style, Gottfries's 'Macroeconomics' is the ideal textbook for students who seek a thorough understanding of modern macroeconomics in preparation for work or further study"--provided by publisher |
| 650 ## - SUBJECT ADDED ENTRY--TOPICAL TERM | |
| Source of heading or term | Economics |
| Topical term or geographic name entry element | Macroeconomics |
| 9 (RLIN) | 199969 |
| 942 ## - ADDED ENTRY ELEMENTS (KOHA) | |
| Source of classification or shelving scheme | Dewey Decimal Classification |
| Koha item type | Book |
| Withdrawn status | Lost status | Source of classification or shelving scheme | Damaged status | Not for loan | Collection code | Home library | Current library | Date acquired | Source of acquisition | Cost, normal purchase price | Total Checkouts | Full call number | Barcode | Date last seen | Cost, replacement price | Price effective from | Koha item type |
|---|---|---|---|---|---|---|---|---|---|---|---|---|---|---|---|---|---|
| Dewey Decimal Classification | Economics | St Aloysius PG Library | St Aloysius PG Library | 02/11/2025 | Biblios Book Point | 639.20 | 339 GOTM | PG024920 | 02/15/2025 | 799.00 | 02/15/2025 | Book |